LEADER 01021nam 2200361 450 001 996279767403316 005 20230423100046.0 010 $a1-4799-1173-9 035 $a(CKB)3460000000126409 035 $a(NjHacI)993460000000126409 035 $a(EXLCZ)993460000000126409 100 $a20230423d2013 uy 0 101 0 $aeng 135 $aur||||||||||| 181 $ctxt$2rdacontent 182 $cc$2rdamedia 183 $acr$2rdacarrier 200 10$aIEEE ISR 2013 /$fInstitute of Electrical and Electronics Engineers 210 1$aPiscataway, New Jersey :$cIEEE,$d2013. 215 $a1 online resource (642 pages) 311 $a1-4799-1172-0 517 $aRobotics 606 $aIntelligent control systems$vCongresses 606 $aRobotics$vCongresses 615 0$aIntelligent control systems 615 0$aRobotics 676 $a629.8 801 0$bNjHacI 801 1$bNjHacl 906 $aPROCEEDING 912 $a996279767403316 996 $aIEEE ISR 2013$92534423 997 $aUNISA